| 000 | 00375cam a2200157ua 4500 | ||
|---|---|---|---|
| 020 | _a81 85068 49 6 | ||
| 041 |
_aeng _h |
||
| 082 |
_a028.7463 _b |
||
| 100 | _aICID, . | ||
| 245 | 0 | 0 | _aSixteenth congress on irrigation and drainage, Egypt vol-1-A |
| 260 |
_a : _bICID and CIID , _c1996. |
||
| 300 | _a197 ; . | ||
| 504 | _a | ||
| 942 | _cBK | ||
| 999 |
_c5704 _d5704 |
||